আর রাহীকুল মাখতূম বা মোহরাংকিত স্বর্গীয় সুধা / (Record no. 47115)
[ view plain ]
| 000 -LEADER | |
|---|---|
| fixed length control field | 01006nam a2200241 a 4500 |
| 001 - CONTROL NUMBER | |
| control field | 47115 |
| 003 - CONTROL NUMBER IDENTIFIER | |
| rucl marc code | BD-RjUL |
| 005 - DATE AND TIME OF LATEST TRANSACTION | |
| control field | 20211209054249.0 |
| 008 - FIXED-LENGTH DATA ELEMENTS--GENERAL INFORMATION | |
| fixed length control field | 160807s1995 bg ||||| |||| 00| 0 eng d |
| 020 ## - INTERNATIONAL STANDARD BOOK NUMBER | |
| Terms of availability | : Tk. 115.00 (Vol-1) |
| 035 ## - SYSTEM CONTROL NUMBER | |
| System control number | (BD-RjUL)47234 |
| 040 ## - CATALOGING SOURCE | |
| Original cataloging agency | BD-RjUL |
| Language of cataloging | eng |
| Transcribing agency | BD-RjUL |
| 041 ## - LANGUAGE CODE | |
| Language code of text/sound track or separate title | eng |
| 082 ## - DEWEY DECIMAL CLASSIFICATION NUMBER | |
| Edition number | 23 |
| Classification number | 297.6 |
| Author mark and year | RAA 1995 |
| 100 1# - MAIN ENTRY--PERSONAL NAME | |
| Personal name | রহমান, শায়খ সফিউর |
| 9 (RLIN) | 143479 |
| 245 10 - TITLE STATEMENT | |
| Title | আর রাহীকুল মাখতূম বা মোহরাংকিত স্বর্গীয় সুধা / |
| Statement of responsibility, etc. | শায়খ সফিউর রহমান ; আ: খালেক রহমানী, অনুবাদক |
| 260 ## - PUBLICATION, DISTRIBUTION, ETC. (IMPRINT) | |
| Place of publication, distribution, etc. | বাংলাদেশ : |
| Name of publisher, distributor, etc. | পি, টি, আই, রাজশাহী, |
| Date of publication, distribution, etc. | ১৯৯৫ |
| 300 ## - PHYSICAL DESCRIPTION | |
| Pagination | খণ্ড : |
| Illustrations | চিত্র ; |
| Size | ২৩ সেমি |
| 505 ## - FORMATTED CONTENTS NOTE | |
| Formatted contents note | খণ্ড ১ -- |
| 650 ## - SUBJECT ADDED ENTRY--TOPICAL TERM | |
| Topical term or geographic name as entry element | ইসলামী নেতা |
| 9 (RLIN) | 143480 |
| Topical term or geographic name as entry element | Islamic leader |
| 9 (RLIN) | 143481 |
| 942 ## - ADDED ENTRY ELEMENTS (KOHA) | |
| Source of classification or shelving scheme | Dewey Decimal Classification |
| Koha item type | Books |
| Lost status | Source of classification or shelving scheme | Damaged status | Not for loan | Collection code | Permanent Location | Current Location | Shelving location | Date acquired | Source of acquisition | Cost, normal purchase price | Total Checkouts | Full call number | Date last seen | Date checked out | Copy number | Koha item type |
|---|---|---|---|---|---|---|---|---|---|---|---|---|---|---|---|---|
| Dewey Decimal Classification | Non-fiction | Central Library, University of Rajshahi | Central Library, University of Rajshahi | 13/05/1996 | Hadis foundation | 115.00 | 4 | B 297.6 RAA V-1 1995 | 27/08/2023 | 14/08/2023 | C-2 | Books | ||||
| Dewey Decimal Classification | Not For Loan | Non-fiction | Central Library, University of Rajshahi | Central Library, University of Rajshahi | Reading Room | 02/04/2012 | Moyunuddin Ahamed, Rajshahi. | 200.00 | B 297.6 RAA V-1 1995 | 05/12/2016 | C-1 | Books | ||||
| Dewey Decimal Classification | Non-fiction | Central Library, University of Rajshahi | Central Library, University of Rajshahi | 13/05/1996 | Moyunuddin Ahamed, Rajshahi. | 100.00 | 6 | B 297.6 RAA V-1 1995 | 13/04/2025 | 09/03/2025 | C-3 | Books |